[Event "Cutro op-B 14th"]
[Site "Cutro"]
[Date "2008.04.29"]
[Round "5"]
[White "Macri, Giuseppe"]
[Black "Sansosti, Simona"]
[Result "0-1"]
[WhiteElo "1431"]
[BlackElo "1452"]
[PlyCount "75"]
[EventDate "2008.04.25"]
[EventType "swiss"]
[EventRounds "7"]
[EventCountry "ITA"]
[SourceTitle "EXT 2009"]
[Source "ChessBase"]
[SourceDate "2008.11.26"]
[SourceVersion "1"]
[SourceVersionDate "2008.11.26"]
[SourceQuality "1"]

1. d4 d5 2. c4 e6 3. Nc3 Bb4 4. Bd2 Nf6 5. Nf3 0-0 6. e3 Nbd7 7. cxd5 Nxd5 8. Bd3 c5 9. Nxd5 Bxd2+ 10. Qxd2 exd5 11. dxc5 Nxc5 12. Bc2 Ne4 13. Bxe4 dxe4 14. Nd4 Qg5 15. 0-0 Bh3 16. f3 Rad8 17. Rf2 Bf5 18. Raf1 h5 19. fxe4 Bxe4 20. Rf4 Bh7 21. Qf2 Qd5 22. Nf5 Bxf5 23. Rxf5 Qxa2 24. Rxh5 Rd5 25. Rh3 Rd6 26. e4 Re6 27. e5 f5 28. exf6 Rexf6 29. Rf3 b5 30. h3 b4 31. Qe3 a5 32. Rxf6 Rxf6 33. Rxf6 gxf6 34. b3 Qa1+ 35. Kh2 Qe5+ 36. Qg3+ Qxg3+ 37. Kxg3 a4 38. bxa4 0-1